000
00236nam a2200109Ia 4500
008
190216s9999||||xx |||||||||||||| ||und||
100
_a
Shudrakan
245
0
_a
Mrichakadikam
260
_b
Master Books
650
_a
Nadakam
942
_c
BK
999
_c
25466
_d
25466